La Garanta̕ del Plazo Razonable en la duracin̤ de los procesos

Bibliographic Details
Main Author: Caceres Malagon, Jorge Andrey
Format: eBook
Language:Spanish
Published: Bogot:̀ Editorial Acadm̌ica Espaǫla, 2019
Subjects:
Online Access:Acceso restringido

MARC

LEADER 00000nam a22000007a 4500
005 20191009221251.0
007 cr|||| |||
008 191009s2019 co |||||s|||| 00||0 spa d
020 |a 9786139465408 
035 |a 29749 
040 |a vLex 
090 |c 9762  |d 9762 
100 1 |a Caceres Malagon, Jorge Andrey 
245 1 2 |a La Garanta̕ del Plazo Razonable en la duracin̤ de los procesos  |h [Recurso electrn̤ico] /  |c Jorge Andrey Caceres Malagon 
256 |a Servicio en ln̕ea 
260 |a Bogot:̀  |b Editorial Acadm̌ica Espaǫla,  |c 2019 
300 |a 1 recurso electrn̤ico 
500 |a En esta entrega, el autor realiza un profundo estudio sobre la garanta̕ judicial del plazo razonable desde la p̤tica del Derecho Internacional de Los Derechos Humanos, aplicado al caso concreto de la duracin̤ de los procesos judiciales de naturaleza civil en Colombia, a partir de la promulgacin̤ del Cd̤igo General del Proceso; en tal virtud, analiza distintos pronunciamientos judiciales sobre la materia y formula una propuesta de interpretacin̤ judicial armn̤ica de la nulidad de pleno derecho por přdida automt̀ica de la competencia, que consagra el artc̕ulo 121 de la mencionada codificacin̤ procesal civil. 
506 1 |a Disponible solo en los productos indicados  |d vLex Global  |d vLex Global (Academic Edition, excluding Law Schools)  |d vLex Global (U.S. Academic Edition, Law Schools)  |d vLex Global (U.S. Academic Edition, excluding Law Schools)  |d vLex Global (Academic Edition, Law Schools) 
650 0 4 |a Derecho Civil  |z Colombia 
740 0 |a vLex Libros (Servicio en ln̕ea) 
856 4 0 |u http://vlex.com/source/29749  |z Acceso restringido 
942 |c BOOK 
999 0 |a Civil Law